Sonidos
Guardat en:
| Autor principal: | |
|---|---|
| Format: | Llibre |
| Idioma: | espanyol |
| Publicat: |
Madrid
SM
1988
|
| Col·lecció: | El Joven Investigador, 14
|
| Matèries: | |
| Etiquetes: |
Afegir etiqueta
Sense etiquetes, Sigues el primer a etiquetar aquest registre!
|
MARC
| LEADER | 00000nam a2200000 a 4500 | ||
|---|---|---|---|
| 001 | UCW5799 | ||
| 003 | CL-VaPUC | ||
| 008 | 910808e19880000SP |||||||||||||||||spa|d | ||
| 082 | 0 | 4 | |a 534 |b JEN |2 21 |
| 100 | |a Jennings, Terry |e author |9 543686 | ||
| 245 | 1 | 0 | |a Sonidos |
| 300 | |a 32 p | ||
| 942 | |c BK | ||
| 945 | |d 19910808 00:00:00 | ||
| 260 | |a Madrid |b SM |c 1988 | ||
| 650 | 0 | |a Sonido |9 261796 | |
| 650 | 7 | |a RUIDO |2 CL-VaPUC |9 263306 | |
| 650 | 7 | |a CONTROL DE RUIDO |2 CL-VaPUC |9 310812 | |
| 583 | |a last modification |c 19910808 00:00:00 |k Rodrigo Vera | ||
| 490 | 0 | |a El Joven Investigador, 14 | |
| 999 | |c 219120 |d 219118 | ||
| 952 | |0 0 |1 0 |4 0 |6 534_000000000000000_JEN_1988 |7 0 |8 A |9 209656 |a BIBEDU |b BIBEDU |d 2019-11-15 |i 2775468 |o 534 JEN 1988 |p 2775468 |r 2019-11-15 |w 2019-11-15 |y BK |k EDU | ||